[Event "Rapid Tournament (RAP)"]
[Site "Biel, CH"]
[Date "2025.07.13"]
[Round "9"]
[White "von Burg, Carl Alexander"]
[Black "Tcheau, Alain"]
[Result "1/2-1/2"]
[Board "46"]
[WhiteFideId "1352458"]
[BlackFideId "1306014"]
[WhiteElo "1726"]
[BlackElo "1912"]
[WhiteTeam "SUI"]
[BlackTeam "SUI"]
[WhiteClock "0:00:16"]
[BlackClock "0:00:40"]
[Variant "Standard"]

1. d4 {[%clk 0:15:08]}  f5 {[%clk 0:15:08]} 2. c4 {[%clk 0:15:08]}  Nf6 {[%clk 0:15:12]} 3. Nc3 {[%clk 0:15:06]}  e6 {[%clk 0:15:16]} 4. g3 {[%clk 0:15:09]}  Be7 {[%clk 0:15:19]} 5. Bg2 {[%clk 0:15:12]}  d6 {[%clk 0:15:20]} 6. Nf3 {[%clk 0:15:14]}  O-O {[%clk 0:15:22]} 7. O-O {[%clk 0:15:13]}  Nc6 {[%clk 0:15:23]} 8. Qc2 {[%clk 0:14:49]}  d5 {[%clk 0:14:36]} 9. cxd5 {[%clk 0:14:05]}  exd5 {[%clk 0:14:32]} 10. Bf4 {[%clk 0:12:41]}  Ne4 {[%clk 0:14:18]} 11. Qb3 {[%clk 0:12:20]}  Nxc3 {[%clk 0:12:39]} 12. bxc3 {[%clk 0:12:03]}  Na5 {[%clk 0:12:06]} 13. Qc2 {[%clk 0:11:48]}  Nc4 {[%clk 0:11:53]} 14. Ne5 {[%clk 0:11:31]}  Nxe5 {[%clk 0:11:49]} 15. Bxe5 {[%clk 0:11:29]}  c6 {[%clk 0:11:47]} 16. c4 {[%clk 0:11:01]}  Be6 {[%clk 0:11:36]} 17. c5 {[%clk 0:10:13]}  Bf6 {[%clk 0:11:13]} 18. Bxf6 {[%clk 0:10:11]}  Qxf6 {[%clk 0:11:12]} 19. e3 {[%clk 0:10:12]}  Bd7 {[%clk 0:10:58]} 20. Rab1 {[%clk 0:10:06]}  Rab8 {[%clk 0:10:36]} 21. Qa4 {[%clk 0:10:09]}  Qd8 {[%clk 0:08:59]} 22. Qxa7 {[%clk 0:09:30]}  Qc7 {[%clk 0:08:22]} 23. Qb6 {[%clk 0:09:05]}  Qxb6 {[%clk 0:07:52]} 24. Rxb6 {[%clk 0:09:08]}  Bc8 {[%clk 0:07:16]} 25. Rfb1 {[%clk 0:09:09]}  Ra8 {[%clk 0:07:18]} 26. R1b2 {[%clk 0:09:13]}  Kf7 {[%clk 0:07:00]} 27. Kf1 {[%clk 0:08:17]}  Ke7 {[%clk 0:07:02]} 28. Ke2 {[%clk 0:08:17]}  g5 {[%clk 0:06:17]} 29. f3 {[%clk 0:07:15]}  f4 {[%clk 0:06:14]} 30. e4 {[%clk 0:06:44]}  dxe4 {[%clk 0:05:38]} 31. fxe4 {[%clk 0:06:38]}  Ra3 {[%clk 0:05:34]} 32. R6b3 {[%clk 0:06:18]}  Ra4 {[%clk 0:04:16]} 33. Rd2 {[%clk 0:04:44]}  fxg3 {[%clk 0:03:27]} 34. hxg3 {[%clk 0:04:36]}  Ra7 {[%clk 0:03:09]} 35. d5 {[%clk 0:04:12]}  Bg4+ {[%clk 0:03:11]} 36. Ke3 {[%clk 0:03:44]}  h5 {[%clk 0:02:58]} 37. Kd4 {[%clk 0:02:43]}  h4 {[%clk 0:02:51]} 38. gxh4 {[%clk 0:02:28]}  gxh4 {[%clk 0:02:55]} 39. Bh3 {[%clk 0:02:24]}  Bxh3 {[%clk 0:02:08]} 40. Rxh3 {[%clk 0:02:26]}  Ra4+ {[%clk 0:01:50]} 41. Ke5 {[%clk 0:02:24]}  Rh8 {[%clk 0:01:39]} 42. Rb3 {[%clk 0:01:11]}  Rh5+ {[%clk 0:01:35]} 43. Kf4 {[%clk 0:01:15]}  cxd5 {[%clk 0:01:20]} 44. Rxb7+ {[%clk 0:01:01]}  Kd8 {[%clk 0:01:10]} 45. Kg4 {[%clk 0:00:47]}  Re5 {[%clk 0:01:05]} 46. Kxh4 {[%clk 0:00:49]}  Raxe4+ {[%clk 0:01:03]} 47. Kg3 {[%clk 0:00:44]}  Rg5+ {[%clk 0:01:00]} 48. Kf3 {[%clk 0:00:43]}  Rf5+ {[%clk 0:01:03]} 49. Kg3 {[%clk 0:00:42]}  Rg5+ {[%clk 0:01:05]} 50. Kf3 {[%clk 0:00:34]}  Rf5+ {[%clk 0:01:08]} 51. Kg2 {[%clk 0:00:28]}  Rg5+ {[%clk 0:01:08]} 52. Kf1 {[%clk 0:00:26]}  Rf5+ {[%clk 0:01:03]} 53. Rf2 {[%clk 0:00:22]}  Rh5 {[%clk 0:00:42]} 54. Rf8+ {[%clk 0:00:19]}  Re8 {[%clk 0:00:40]} 55. Rf2 {[%clk 0:00:16]} 1/2-1/2

[Event "Rapid Tournament (RAP)"]
[Site "Biel, CH"]
[Date "2025.07.13"]
[Round "9"]
[White "Avilova, Yulia"]
[Black "Schreiber, Edwin"]
[Result "1-0"]
[Board "47"]
[WhiteFideId "34166073"]
[BlackFideId "2011921"]
[WhiteElo "1708"]
[BlackElo "1863"]
[WhiteTeam "SUI"]
[BlackTeam "USA"]
[WhiteClock "0:10:05"]
[BlackClock "0:05:41"]
[Variant "Standard"]

1. Nf3 {[%clk 0:15:07]}  Nf6 {[%clk 0:15:07]} 2. c4 {[%clk 0:15:11]}  g6 {[%clk 0:14:55]} 3. d4 {[%clk 0:15:14]}  d5 {[%clk 0:14:47]} 4. cxd5 {[%clk 0:15:11]}  Nxd5 {[%clk 0:15:01]} 5. e4 {[%clk 0:15:13]}  Nb6 {[%clk 0:15:05]} 6. Nc3 {[%clk 0:15:10]}  Bg7 {[%clk 0:15:08]} 7. Be2 {[%clk 0:15:04]}  Bg4 {[%clk 0:14:52]} 8. Be3 {[%clk 0:14:51]}  O-O {[%clk 0:14:25]} 9. h3 {[%clk 0:14:47]}  Bxf3 {[%clk 0:14:24]} 10. Bxf3 {[%clk 0:14:51]}  Nc4 {[%clk 0:14:12]} 11. Qb3 {[%clk 0:14:14]}  Nxe3 {[%clk 0:14:12]} 12. fxe3 {[%clk 0:14:17]}  Nd7 {[%clk 0:13:00]} 13. e5 {[%clk 0:14:01]}  Rb8 {[%clk 0:13:02]} 14. O-O {[%clk 0:13:48]}  c5 {[%clk 0:12:48]} 15. Ne4 {[%clk 0:13:19]}  b6 {[%clk 0:12:36]} 16. e6 {[%clk 0:12:24]}  Nf6 {[%clk 0:12:11]} 17. exf7+ {[%clk 0:12:19]}  Kh8 {[%clk 0:11:59]} 18. Ng5 {[%clk 0:12:10]}  Qd6 {[%clk 0:11:28]} 19. Rad1 {[%clk 0:11:17]}  h6 {[%clk 0:11:20]} 20. Ne6 {[%clk 0:10:53]}  Rxf7 {[%clk 0:11:13]} 21. dxc5 {[%clk 0:10:18]}  bxc5 {[%clk 0:10:32]} 22. Rxd6 {[%clk 0:10:18]}  Rxb3 {[%clk 0:10:35]} 23. Rd8+ {[%clk 0:10:21]}  Kh7 {[%clk 0:10:27]} 24. axb3 {[%clk 0:10:24]}  Ng8 {[%clk 0:09:47]} 25. Bd5 {[%clk 0:10:15]}  Rxf1+ {[%clk 0:09:13]} 26. Kxf1 {[%clk 0:10:18]}  Nf6 {[%clk 0:09:03]} 27. Nxg7 {[%clk 0:10:15]}  Kxg7 {[%clk 0:09:04]} 28. Bc4 {[%clk 0:10:11]}  e5 {[%clk 0:08:34]} 29. g4 {[%clk 0:10:06]}  g5 {[%clk 0:08:37]} 30. Ra8 {[%clk 0:10:01]}  a5 {[%clk 0:07:56]} 31. Rxa5 {[%clk 0:10:02]}  Ne4 {[%clk 0:08:00]} 32. Ra7+ {[%clk 0:10:05]}  Kf8 {[%clk 0:06:20]} 33. Rf7+ {[%clk 0:10:00]}  Ke8 {[%clk 0:06:19]} 34. Rh7 {[%clk 0:10:02]}  Nd2+ {[%clk 0:05:41]} 35. Ke2 {[%clk 0:10:05]} 1-0

[Event "Rapid Tournament (RAP)"]
[Site "Biel, CH"]
[Date "2025.07.13"]
[Round "9"]
[White "Sauvin, Jacques"]
[Black "Pardoen, Oscar"]
[Result "1/2-1/2"]
[Board "48"]
[WhiteFideId "1301888"]
[BlackFideId "282499"]
[WhiteElo "2147"]
[BlackElo "1758"]
[WhiteTeam "SUI"]
[BlackTeam "BEL"]
[WhiteClock "0:00:19"]
[BlackClock "0:00:31"]
[Variant "Standard"]

1. d4 {[%clk 0:13:10]}  d5 {[%clk 0:14:54]} 2. c4 {[%clk 0:13:12]}  e6 {[%clk 0:14:55]} 3. Nc3 {[%clk 0:13:08]}  Nf6 {[%clk 0:14:56]} 4. Bg5 {[%clk 0:13:10]}  Be7 {[%clk 0:14:44]} 5. e3 {[%clk 0:13:10]}  O-O {[%clk 0:14:37]} 6. Nf3 {[%clk 0:13:12]}  b6 {[%clk 0:13:59]} 7. cxd5 {[%clk 0:13:14]}  Nxd5 {[%clk 0:13:55]} 8. Bxe7 {[%clk 0:13:14]}  Nxe7 {[%clk 0:13:37]} 9. Bd3 {[%clk 0:12:51]}  Bb7 {[%clk 0:13:33]} 10. O-O {[%clk 0:12:47]}  Nec6 {[%clk 0:13:09]} 11. Rc1 {[%clk 0:12:43]}  Qe7 {[%clk 0:12:40]} 12. Be4 {[%clk 0:12:25]}  f5 {[%clk 0:12:23]} 13. Bd3 {[%clk 0:11:56]}  Nd7 {[%clk 0:11:59]} 14. Qe2 {[%clk 0:11:26]}  Nf6 {[%clk 0:11:22]} 15. Rfd1 {[%clk 0:11:09]}  Nb4 {[%clk 0:10:23]} 16. Bb1 {[%clk 0:10:40]}  Nbd5 {[%clk 0:09:34]} 17. Ne5 {[%clk 0:09:27]}  f4 {[%clk 0:08:41]} 18. Nxd5 {[%clk 0:07:58]}  Nxd5 {[%clk 0:08:19]} 19. e4 {[%clk 0:07:31]}  Nf6 {[%clk 0:07:51]} 20. f3 {[%clk 0:07:28]}  a6 {[%clk 0:06:46]} 21. a3 {[%clk 0:07:13]}  Rac8 {[%clk 0:06:28]} 22. Ba2 {[%clk 0:06:46]}  c5 {[%clk 0:05:51]} 23. dxc5 {[%clk 0:06:19]}  Rxc5 {[%clk 0:05:40]} 24. Rxc5 {[%clk 0:06:20]}  Qxc5+ {[%clk 0:05:42]} 25. Kh1 {[%clk 0:05:49]}  Qxe5 {[%clk 0:05:44]} 26. h3 {[%clk 0:04:51]}  Nh5 {[%clk 0:04:53]} 27. Qd2 {[%clk 0:04:30]}  Ng3+ {[%clk 0:04:30]} 28. Kh2 {[%clk 0:04:19]}  Bc6 {[%clk 0:04:13]} 29. Qb4 {[%clk 0:03:55]}  Bb5 {[%clk 0:03:42]} 30. Rd6 {[%clk 0:03:45]}  a5 {[%clk 0:02:59]} 31. Qd4 {[%clk 0:03:37]}  Qxd4 {[%clk 0:02:52]} 32. Bxe6+ {[%clk 0:03:35]}  Kh8 {[%clk 0:02:51]} 33. Rxd4 {[%clk 0:03:37]}  g6 {[%clk 0:02:25]} 34. h4 {[%clk 0:03:34]}  Nf1+ {[%clk 0:02:17]} 35. Kg1 {[%clk 0:03:25]}  Ne3 {[%clk 0:02:17]} 36. Rd6 {[%clk 0:03:14]}  Rb8 {[%clk 0:02:08]} 37. Kh2 {[%clk 0:02:30]}  Bc4 {[%clk 0:01:52]} 38. Bd7 {[%clk 0:02:25]}  Kg7 {[%clk 0:01:16]} 39. e5 {[%clk 0:02:02]}  Nf5 {[%clk 0:00:53]} 40. Bxf5 {[%clk 0:01:59]}  gxf5 {[%clk 0:00:55]} 41. b4 {[%clk 0:01:56]}  axb4 {[%clk 0:00:55]} 42. axb4 {[%clk 0:02:00]}  b5 {[%clk 0:00:58]} 43. h5 {[%clk 0:01:38]}  Re8 {[%clk 0:00:43]} 44. h6+ {[%clk 0:01:34]}  Kf7 {[%clk 0:00:42]} 45. Rf6+ {[%clk 0:01:28]}  Ke7 {[%clk 0:00:45]} 46. Rxf5 {[%clk 0:01:30]}  Ke6 {[%clk 0:00:43]} 47. Rxf4 {[%clk 0:01:29]}  Bd5 {[%clk 0:00:44]} 48. Rg4 {[%clk 0:01:23]}  Kxe5 {[%clk 0:00:46]} 49. Rg7 {[%clk 0:01:24]}  Re6 {[%clk 0:00:20]} 50. Rxh7 {[%clk 0:01:22]}  Kf6 {[%clk 0:00:21]} 51. Rd7 {[%clk 0:01:09]}  Re5 {[%clk 0:00:10]} 52. Rd6+ {[%clk 0:01:07]}  Ke7 {[%clk 0:00:10]} 53. Rb6 {[%clk 0:01:07]}  Be6 {[%clk 0:00:10]} 54. g4 {[%clk 0:00:55]}  Rg5 {[%clk 0:00:07]} 55. Kg3 {[%clk 0:00:56]}  Rg6 {[%clk 0:00:07]} 56. Rxb5 {[%clk 0:00:55]}  Rxh6 {[%clk 0:00:10]} 57. Rc5 {[%clk 0:00:50]}  Kd6 {[%clk 0:00:13]} 58. Rc2 {[%clk 0:00:50]}  Bd5 {[%clk 0:00:16]} 59. Rd2 {[%clk 0:00:38]}  Kc6 {[%clk 0:00:17]} 60. f4 {[%clk 0:00:37]}  Bc4 {[%clk 0:00:20]} 61. f5 {[%clk 0:00:38]}  Rh8 {[%clk 0:00:17]} 62. Kf4 {[%clk 0:00:39]}  Kb5 {[%clk 0:00:20]} 63. g5 {[%clk 0:00:32]}  Rh4+ {[%clk 0:00:17]} 64. Ke5 {[%clk 0:00:35]}  Kxb4 {[%clk 0:00:18]} 65. g6 {[%clk 0:00:26]}  Kc5 {[%clk 0:00:16]} 66. Rc2 {[%clk 0:00:19]}  Kb6 {[%clk 0:00:11]} 67. Rxc4 {[%clk 0:00:11]}  Rxc4 {[%clk 0:00:14]} 68. g7 {[%clk 0:00:14]}  Rg4 {[%clk 0:00:14]} 69. f6 {[%clk 0:00:15]}  Rg1 {[%clk 0:00:10]} 70. Ke6 {[%clk 0:00:18]}  Kc6 {[%clk 0:00:13]} 71. f7 {[%clk 0:00:07]}  Rxg7 {[%clk 0:00:07]} 72. f8=Q {[%clk 0:00:11]}  Rg6 {[%clk 0:00:08]} 73. Kf5 {[%clk 0:00:13]}  Rd6 {[%clk 0:01:06]} 74. Qc8+ {[%clk 0:00:12]}  Kb5 {[%clk 0:01:00]} 75. Ke5 {[%clk 0:00:11]}  Rb6 {[%clk 0:00:58]} 76. Qd7+ {[%clk 0:00:12]}  Kc5 {[%clk 0:00:58]} 77. Qc7+ {[%clk 0:00:10]}  Rc6 {[%clk 0:00:38]} 78. Qa5+ {[%clk 0:00:13]}  Kc4 {[%clk 0:00:38]} 79. Qa2+ {[%clk 0:00:09]}  Kc5 {[%clk 0:00:36]} 80. Qa3+ {[%clk 0:00:09]}  Kc4 {[%clk 0:00:36]} 81. Qc1+ {[%clk 0:00:06]}  Kb5 {[%clk 0:00:37]} 82. Qf1+ {[%clk 0:00:08]}  Kc5 {[%clk 0:00:33]} 83. Qf2+ {[%clk 0:00:10]}  Kc4 {[%clk 0:00:34]} 84. Qf7+ {[%clk 0:00:07]}  Kc5 {[%clk 0:00:30]} 85. Qe7+ {[%clk 0:00:09]}  Kc4 {[%clk 0:00:31]} 86. Qa3 {[%clk 0:00:11]}  Rc5+ {[%clk 0:00:27]} 87. Ke4 {[%clk 0:00:14]}  Kb5 {[%clk 0:00:29]} 88. Qb3+ {[%clk 0:00:15]}  Kc6 {[%clk 0:00:32]} 89. Kd4 {[%clk 0:00:18]}  Rb5 {[%clk 0:00:28]} 90. Qe6+ {[%clk 0:00:18]}  Kc7 {[%clk 0:00:27]} 91. Kc4 {[%clk 0:00:14]}  Rb6 {[%clk 0:00:26]} 92. Qe7+ {[%clk 0:00:11]}  Kc6 {[%clk 0:00:22]} 93. Qc5+ {[%clk 0:00:07]}  Kb7 {[%clk 0:00:25]} 94. Qd5+ {[%clk 0:00:09]}  Kc7 {[%clk 0:00:29]} 95. Qf7+ {[%clk 0:00:11]}  Kc6 {[%clk 0:00:22]} 96. Qe6+ {[%clk 0:00:12]}  Kc7 {[%clk 0:00:26]} 97. Qe7+ {[%clk 0:00:16]}  Kc6 {[%clk 0:00:30]} 98. Qe6+ {[%clk 0:00:15]}  Kc7 {[%clk 0:00:35]} 99. Kd5 {[%clk 0:00:19]}  Rxe6 {[%clk 0:00:31]} 1/2-1/2

[Event "Rapid Tournament (RAP)"]
[Site "Biel, CH"]
[Date "2025.07.13"]
[Round "9"]
[White "Wiesmann, Dominique"]
[Black "Creux, Francois"]
[Result "1-0"]
[Board "49"]
[WhiteFideId "1308262"]
[BlackFideId "1357743"]
[WhiteElo "1978"]
[BlackElo "1762"]
[WhiteTeam "SUI"]
[BlackTeam "SUI"]
[WhiteClock "0:03:46"]
[BlackClock "0:00:23"]
[Variant "Standard"]

1. Nf3 {[%clk 0:15:07]}  d5 {[%clk 0:15:07]} 2. g3 {[%clk 0:15:11]}  Nf6 {[%clk 0:14:52]} 3. Bg2 {[%clk 0:15:14]}  Nc6 {[%clk 0:14:34]} 4. d4 {[%clk 0:15:04]}  Bf5 {[%clk 0:13:59]} 5. O-O {[%clk 0:15:03]}  e6 {[%clk 0:13:27]} 6. c4 {[%clk 0:14:53]}  Nb4 {[%clk 0:12:44]} 7. Qa4+ {[%clk 0:14:43]}  c6 {[%clk 0:12:22]} 8. Na3 {[%clk 0:14:12]}  Ne4 {[%clk 0:11:30]} 9. Nh4 {[%clk 0:14:15]}  Bg6 {[%clk 0:10:45]} 10. Nxg6 {[%clk 0:13:45]}  hxg6 {[%clk 0:10:24]} 11. f3 {[%clk 0:12:48]}  Nf6 {[%clk 0:09:57]} 12. Bd2 {[%clk 0:12:11]}  Na6 {[%clk 0:09:21]} 13. Rac1 {[%clk 0:11:53]}  Bd6 {[%clk 0:07:31]} 14. c5 {[%clk 0:10:38]}  Be7 {[%clk 0:08:39]} 15. b4 {[%clk 0:10:40]}  Nc7 {[%clk 0:07:08]} 16. Rb1 {[%clk 0:09:37]}  a6 {[%clk 0:07:06]} 17. Qb3 {[%clk 0:09:35]}  Nd7 {[%clk 0:06:49]} 18. Nc2 {[%clk 0:09:36]}  Bf6 {[%clk 0:06:46]} 19. a4 {[%clk 0:09:29]}  e5 {[%clk 0:06:20]} 20. e3 {[%clk 0:09:32]}  Ne6 {[%clk 0:05:51]} 21. Bc3 {[%clk 0:09:18]}  Ke7 {[%clk 0:05:22]} 22. b5 {[%clk 0:08:36]}  axb5 {[%clk 0:05:32]} 23. axb5 {[%clk 0:08:47]}  Rh5 {[%clk 0:04:48]} 24. Ra1 {[%clk 0:08:08]}  Rxa1 {[%clk 0:05:04]} 25. Rxa1 {[%clk 0:08:12]}  Qh8 {[%clk 0:04:25]} 26. bxc6 {[%clk 0:07:43]}  bxc6 {[%clk 0:04:17]} 27. Ra7 {[%clk 0:07:32]}  Qc8 {[%clk 0:03:55]} 28. Qa4 {[%clk 0:07:13]}  exd4 {[%clk 0:03:33]} 29. exd4 {[%clk 0:07:10]}  Nexc5 {[%clk 0:03:17]} 30. Bb4 {[%clk 0:06:52]}  Ke6 {[%clk 0:02:48]} 31. Bxc5 {[%clk 0:06:01]}  Nxc5 {[%clk 0:02:21]} 32. dxc5 {[%clk 0:06:04]}  Be7 {[%clk 0:00:51]} 33. Qd4 {[%clk 0:04:40]}  Qb8 {[%clk 0:00:27]} 34. Qg4+ {[%clk 0:03:58]}  Rf5 {[%clk 0:00:23]} 35. Nd4+ {[%clk 0:03:53]}  Kf6 {[%clk 0:00:23]} 36. Rxe7 {[%clk 0:03:46]} 1-0

[Event "Rapid Tournament (RAP)"]
[Site "Biel, CH"]
[Date "2025.07.13"]
[Round "9"]
[White "Avaria, Diego"]
[Black "Thorens, Johan"]
[Result "1-0"]
[Board "50"]
[WhiteFideId "1335723"]
[BlackFideId "1364375"]
[WhiteElo "1958"]
[BlackElo "1657"]
[WhiteTeam "SUI"]
[BlackTeam "SUI"]
[WhiteClock "0:02:00"]
[BlackClock "0:04:11"]
[Variant "Standard"]

1. e4 {[%clk 0:15:08]}  e5 {[%clk 0:15:09]} 2. Nf3 {[%clk 0:15:11]}  Nf6 {[%clk 0:15:13]} 3. d3 {[%clk 0:15:14]}  Nc6 {[%clk 0:15:14]} 4. Be2 {[%clk 0:15:17]}  Bc5 {[%clk 0:15:14]} 5. O-O {[%clk 0:15:20]}  h6 {[%clk 0:15:17]} 6. c3 {[%clk 0:15:21]}  O-O {[%clk 0:15:08]} 7. b4 {[%clk 0:15:24]}  Bb6 {[%clk 0:14:43]} 8. b5 {[%clk 0:15:05]}  Ne7 {[%clk 0:14:26]} 9. Nxe5 {[%clk 0:15:04]}  d6 {[%clk 0:14:26]} 10. Nc4 {[%clk 0:14:59]}  Be6 {[%clk 0:14:08]} 11. Nxb6 {[%clk 0:14:29]}  axb6 {[%clk 0:13:57]} 12. c4 {[%clk 0:13:59]}  Qd7 {[%clk 0:13:42]} 13. Bb2 {[%clk 0:13:59]}  Nh7 {[%clk 0:13:23]} 14. Nd2 {[%clk 0:13:16]}  f5 {[%clk 0:13:07]} 15. Qc2 {[%clk 0:12:37]}  fxe4 {[%clk 0:12:59]} 16. Nxe4 {[%clk 0:12:25]}  d5 {[%clk 0:12:43]} 17. Ng3 {[%clk 0:12:12]}  Nf6 {[%clk 0:11:48]} 18. Qc3 {[%clk 0:11:21]}  Ra5 {[%clk 0:10:19]} 19. a3 {[%clk 0:11:13]}  c5 {[%clk 0:10:01]} 20. Rae1 {[%clk 0:08:38]}  d4 {[%clk 0:10:03]} 21. Qd2 {[%clk 0:08:11]}  Nf5 {[%clk 0:09:35]} 22. Nxf5 {[%clk 0:08:07]}  Bxf5 {[%clk 0:09:37]} 23. Bf3 {[%clk 0:07:55]}  Raa8 {[%clk 0:09:19]} 24. Re5 {[%clk 0:06:22]}  Bg6 {[%clk 0:08:56]} 25. Rfe1 {[%clk 0:06:19]}  Rfe8 {[%clk 0:08:42]} 26. Rxe8+ {[%clk 0:06:15]}  Rxe8 {[%clk 0:08:44]} 27. Rxe8+ {[%clk 0:06:14]}  Bxe8 {[%clk 0:08:41]} 28. Qe2 {[%clk 0:05:51]}  Bg6 {[%clk 0:08:28]} 29. g4 {[%clk 0:05:33]}  Qd6 {[%clk 0:07:16]} 30. Bc1 {[%clk 0:05:31]}  Kh7 {[%clk 0:06:51]} 31. h3 {[%clk 0:05:32]}  Qc7 {[%clk 0:06:14]} 32. h4 {[%clk 0:04:44]}  Qc8 {[%clk 0:05:52]} 33. h5 {[%clk 0:03:56]}  Bf7 {[%clk 0:05:55]} 34. Bf4 {[%clk 0:03:45]}  Be6 {[%clk 0:05:42]} 35. g5 {[%clk 0:03:15]}  hxg5 {[%clk 0:05:26]} 36. Bxg5 {[%clk 0:03:19]}  Bg4 {[%clk 0:04:55]} 37. Bxf6 {[%clk 0:02:40]}  Bxf3 {[%clk 0:04:56]} 38. Qxf3 {[%clk 0:02:44]}  gxf6 {[%clk 0:04:57]} 39. Qe4+ {[%clk 0:02:23]}  f5 {[%clk 0:04:45]} 40. Qe7+ {[%clk 0:02:06]}  Kh6 {[%clk 0:04:40]} 41. Qf6+ {[%clk 0:02:05]}  Kh7 {[%clk 0:04:42]} 42. Qxb6 {[%clk 0:02:04]}  Qg8+ {[%clk 0:04:19]} 43. Qg6+ {[%clk 0:01:56]}  Qxg6+ {[%clk 0:04:20]} 44. hxg6+ {[%clk 0:02:00]}  Kxg6 {[%clk 0:04:23]} 45. Kg2 {[%clk 0:01:57]}  Kf6 {[%clk 0:04:08]} 46. Kf3 {[%clk 0:01:58]}  Ke5 {[%clk 0:04:11]} 47. a4 {[%clk 0:02:00]} 1-0

[Event "Rapid Tournament (RAP)"]
[Site "Biel, CH"]
[Date "2025.07.13"]
[Round "9"]
[White "Kubanyi, Robert"]
[Black "Flueckiger, Georg"]
[Result "1-0"]
[Board "51"]
[WhiteFideId "23746866"]
[BlackFideId "1342592"]
[WhiteElo "1711"]
[BlackElo "1895"]
[WhiteTeam "CZE"]
[BlackTeam "SUI"]
[WhiteClock "0:09:06"]
[BlackClock "0:11:25"]
[Variant "Standard"]

1. e4 {[%clk 0:15:08]}  e5 {[%clk 0:15:09]} 2. Nf3 {[%clk 0:15:11]}  Nc6 {[%clk 0:15:13]} 3. Bb5 {[%clk 0:15:14]}  a6 {[%clk 0:15:17]} 4. Ba4 {[%clk 0:15:18]}  b5 {[%clk 0:15:21]} 5. Bb3 {[%clk 0:15:21]}  d6 {[%clk 0:15:25]} 6. O-O {[%clk 0:15:04]}  Na5 {[%clk 0:15:29]} 7. d4 {[%clk 0:14:58]}  Nxb3 {[%clk 0:15:32]} 8. axb3 {[%clk 0:14:58]}  exd4 {[%clk 0:15:36]} 9. Nxd4 {[%clk 0:15:01]}  Bb7 {[%clk 0:15:39]} 10. Re1 {[%clk 0:14:59]}  Be7 {[%clk 0:15:43]} 11. c4 {[%clk 0:14:56]}  c6 {[%clk 0:14:33]} 12. Nc3 {[%clk 0:14:32]}  Nf6 {[%clk 0:14:34]} 13. Nf5 {[%clk 0:14:21]}  O-O {[%clk 0:14:32]} 14. Bf4 {[%clk 0:14:17]}  Ne8 {[%clk 0:14:10]} 15. cxb5 {[%clk 0:13:46]}  cxb5 {[%clk 0:14:11]} 16. Nd5 {[%clk 0:13:44]}  Bxd5 {[%clk 0:14:07]} 17. Qxd5 {[%clk 0:13:27]}  Bf6 {[%clk 0:13:28]} 18. Rad1 {[%clk 0:12:20]}  Bxb2 {[%clk 0:13:24]} 19. e5 {[%clk 0:11:51]}  Bc3 {[%clk 0:12:40]} 20. Re3 {[%clk 0:11:34]}  Ba5 {[%clk 0:12:39]} 21. exd6 {[%clk 0:10:53]}  Nf6 {[%clk 0:12:32]} 22. Qc6 {[%clk 0:10:23]}  Bb6 {[%clk 0:11:55]} 23. Rg3 {[%clk 0:10:14]}  Rc8 {[%clk 0:11:57]} 24. Qxc8 {[%clk 0:10:06]}  Bxf2+ {[%clk 0:11:25]} 25. Kxf2 {[%clk 0:09:32]}  Ne4+ {[%clk 0:11:12]} 26. Kf3 {[%clk 0:09:08]}  Qxc8 {[%clk 0:11:11]} 27. Ne7+ {[%clk 0:09:10]}  Kh8 {[%clk 0:11:13]} 28. Nxc8 {[%clk 0:09:13]}  Nxg3 {[%clk 0:11:16]} 29. hxg3 {[%clk 0:09:05]}  Rxc8 {[%clk 0:11:20]} 30. d7 {[%clk 0:09:09]}  Rd8 {[%clk 0:11:25]} 31. Bc7 {[%clk 0:09:06]} 1-0

[Event "Rapid Tournament (RAP)"]
[Site "Biel, CH"]
[Date "2025.07.13"]
[Round "9"]
[White "Buerki, Gilles"]
[Black "Gillieron, Kevin (13882)"]
[Result "1-0"]
[Board "52"]
[WhiteFideId "1313541"]
[BlackFideId "1357778"]
[WhiteElo "1879"]
[BlackElo "1729"]
[WhiteTeam "SUI"]
[BlackTeam "SUI"]
[WhiteClock "0:01:23"]
[BlackClock "0:00:00"]
[Variant "Standard"]

1. d4 {[%clk 0:15:08]}  d5 {[%clk 0:15:09]} 2. c4 {[%clk 0:15:12]}  e6 {[%clk 0:15:12]} 3. Nf3 {[%clk 0:15:16]}  Nf6 {[%clk 0:15:13]} 4. g3 {[%clk 0:15:20]}  Bb4+ {[%clk 0:15:11]} 5. Bd2 {[%clk 0:15:22]}  Be7 {[%clk 0:15:15]} 6. Bg2 {[%clk 0:15:24]}  O-O {[%clk 0:15:17]} 7. O-O {[%clk 0:15:26]}  c6 {[%clk 0:14:38]} 8. Qc2 {[%clk 0:15:21]}  Nbd7 {[%clk 0:14:32]} 9. Bf4 {[%clk 0:14:55]}  b6 {[%clk 0:14:25]} 10. Nbd2 {[%clk 0:14:35]}  Bb7 {[%clk 0:14:28]} 11. e4 {[%clk 0:14:33]}  c5 {[%clk 0:13:52]} 12. cxd5 {[%clk 0:14:05]}  exd5 {[%clk 0:13:47]} 13. exd5 {[%clk 0:13:45]}  Bxd5 {[%clk 0:13:27]} 14. dxc5 {[%clk 0:13:29]}  Bxc5 {[%clk 0:13:30]} 15. Nb3 {[%clk 0:13:08]}  Be7 {[%clk 0:12:45]} 16. Rfd1 {[%clk 0:13:01]}  Rc8 {[%clk 0:12:19]} 17. Qd3 {[%clk 0:12:18]}  Ba8 {[%clk 0:12:00]} 18. Qf5 {[%clk 0:11:55]}  Be4 {[%clk 0:11:01]} 19. Qb5 {[%clk 0:11:37]}  Bc6 {[%clk 0:10:54]} 20. Qa6 {[%clk 0:11:12]}  Ra8 {[%clk 0:09:34]} 21. Rac1 {[%clk 0:10:29]}  Qc8 {[%clk 0:08:53]} 22. Qe2 {[%clk 0:09:50]}  Re8 {[%clk 0:08:39]} 23. Ne5 {[%clk 0:07:54]}  Nxe5 {[%clk 0:05:42]} 24. Bxe5 {[%clk 0:07:43]}  Bc5 {[%clk 0:05:02]} 25. Nxc5 {[%clk 0:05:00]}  Bxg2 {[%clk 0:04:11]} 26. Ne4 {[%clk 0:03:28]}  Qb7 {[%clk 0:03:19]} 27. Nd6 {[%clk 0:03:04]}  Bf3 {[%clk 0:02:35]} 28. Qc4 {[%clk 0:02:26]}  Bd5 {[%clk 0:01:01]} 29. Bxf6 {[%clk 0:02:04]}  Bxc4 {[%clk 0:00:44]} 30. Nxb7 {[%clk 0:01:59]}  Be2 {[%clk 0:00:13]} 31. Re1 {[%clk 0:01:33]}  gxf6 {[%clk 0:00:12]} 32. Nd6 {[%clk 0:01:29]}  Re7 {[%clk 0:00:00]} 33. Nf5 {[%clk 0:01:23]} 1-0